00357cam a22001097a 4500008004000000082001800040100002500058245008300083260002300166300001000189650004800199180718b2003 xxu||||| |||| 00| 0 eng d aK1203x54 Sw22 aSwaminathan, Lakshmi aThe guiding principles in the decisions on service lawcby Lakshmi Swaminathan aDelhibBahric2003 a570p. aCivil service - Law and legislation - India